Poistenie škôd opciami na katastrofický index spôsobených povodňami na Slovensku

Prírodné katastrofy - povodne, víchrice, prípadne požiare - a ich zvýšený výskyt na Slovensku v poslednom období. Pre potreby poistenia sa proti mimoriadnym prírodným udalostiam zaviedla CBOT katastrofický index. Charakteristika nákladov kontraktu na transfer katastrofického rizika a optimálny počet...

Descripción completa

Guardado en:
Detalles Bibliográficos
Autor principal: Pinda, Ľudovít, 1958-
Formato: Capítulo de libro
Lenguaje:eslovaco
Materias:
Etiquetas: Agregar Etiqueta
Sin Etiquetas, Sea el primero en etiquetar este registro!

MARC

LEADER 00000nla a2200000 4500
001 0180732
005 20240502073104.7
041 0 |a slo 
044 |a SK 
245 1 0 |a Poistenie škôd opciami na katastrofický index spôsobených povodňami na Slovensku  |c Ľudovít Pinda 
520 |a Prírodné katastrofy - povodne, víchrice, prípadne požiare - a ich zvýšený výskyt na Slovensku v poslednom období. Pre potreby poistenia sa proti mimoriadnym prírodným udalostiam zaviedla CBOT katastrofický index. Charakteristika nákladov kontraktu na transfer katastrofického rizika a optimálny počet opčných kontraktov pre poistenie strát z povodní na Slovensku. 
610 2 0 |a indexy 
610 2 0 |a udalosti poistné 
610 2 0 |a riziko poistné 
610 2 0 |a operácie poistné 
610 2 0 |a Slovensko 
100 1 |a Pinda, Ľudovít, 1958-